| 000 | 00345nam a22001217a 4500 | ||
|---|---|---|---|
| 008 | 230626b xxu||||| |||| 00| 0 eng d | ||
| 020 | _a9982260030 | ||
| 082 |
_a337.03 _bMJE 2001 |
||
| 245 |
_aCOMESA _bThe Role of Non-Governmental Organizations in Strenghthening Economic Integration |
||
| 260 |
_bCOMESA _c2001 |
||
| 300 | _a38p | ||
| 942 |
_2ddc _cBK |
||
| 999 |
_c2769 _d2769 |
||